01120nam a2200265Ia 4500001000600000003000900006008004100015040001300056040001300069041001300082100002100095100002900116240002000145240003500165245002000200245002000220250001100240260001200251260001300263260004900276300004300325500042000368650003500788650003100823 4152IT-RoPAU130308s9999 xx 000 0 und d aIT-RoPAU cIT-RoPAU aITALIANO aBaudrillard Jean gCodice Aut. SPICS: 9442 aDE LA SEDUCTION gCodice Tit. Orig. Spics: 4128 aDella seduzione bDella Seduzione a1a ed. aBOLOGNA bCappelli c1980 [1° Ed.:1980 - Ed.Ling.Originale:1979] a"264 p. (prefazione: no ; testo: 264)" aEclittica del Sesso Eterna ironia della Comunità pornografia Stereofonia seduzione Produzione Abissi Superficiali Orizzonte Sacro delle Apparenze simulazione incantata Morte a Samarkanda Effigie della Seduttrice Strategia Ironica del seduttore Paura di Essere Sedotti Destino Politico della seduzione passione della regola Duale Polare Digitale ludico e seduzione Fredda Olocausto Telepatico seduzione è Destino aSAGGI DI COMUNICAZIONE SOCIALE eCodice materia Spics: 3807